Fertilizer containing partially water-soluble or no water soluble phosphate (Record no. 27334)

MARC details
000 -LEADER
fixed length control field 00317nam a2200109Ia 4500
100 ## - MAIN ENTRY--AUTHOR NAME
Personal name Dixit, L A
245 #0 - TITLE STATEMENT
Title Fertilizer containing partially water-soluble or no water soluble phosphate
260 ## - PUBLICATION, DISTRIBUTION, ETC. (IMPRINT)
Place of publication New Delhi
Name of publisher ICAR
Year of publication 1976
700 ## - ADDED ENTRY--PERSONAL NAME
Personal name Rajendra Prasad
942 ## - ADDED ENTRY ELEMENTS (KOHA)
Koha item type Books
Holdings
Withdrawn status Lost status Damaged status Not for loan Home library Current library Date acquired Accession Number Koha item type
      Write off RRII Library RRII Library 16/12/2021 07960 Books